Sports Quiz

Random Sports or Basketball Quiz

NBA Teams Quiz Stats

 Plays Quiz Updated Nov 28, 2018

     
Support Sporcle.
Go Orange.
Score 0/30 Timer 06:00
948 Plays Today
Division Team % Correct
PacificLos Angeles Lakers
95.4%
AtlanticBoston Celtics
93.9%
SoutheastMiami Heat
92.6%
AtlanticNew York Knicks
91.2%
CentralChicago Bulls
89.6%
PacificLos Angeles Clippers
89.2%
AtlanticBrooklyn Nets
89.2%
CentralCleveland Cavaliers
87.1%
SouthwestSan Antonio Spurs
86.6%
PacificGolden State Warriors
86.6%
NorthwestOklahoma City Thunder
85.7%
AtlanticPhiladelphia 76ers
85.2%
SouthwestHouston Rockets
85%
SoutheastOrlando Magic
85%
SouthwestDallas Mavericks
83.9%
Division Team % Correct
SoutheastAtlanta Hawks
83.5%
PacificPhoenix Suns
83.4%
AtlanticToronto Raptors
81%
NorthwestUtah Jazz
80.6%
SouthwestNew Orleans Pelicans
80.5%
CentralIndiana Pacers
79.9%
PacificSacramento Kings
79.6%
CentralMilwaukee Bucks
79.1%
SoutheastWashington Wizards
78.9%
CentralDetroit Pistons
78.8%
SoutheastCharlotte Hornets
78.8%
NorthwestPortland Trail Blazers
77.8%
NorthwestDenver Nuggets
77.7%
NorthwestMinnesota Timberwolves
77.5%
SouthwestMemphis Grizzlies
72%

From the Vault

Shortest Capital (Europe) A-Z Blitz

by Flick

Geography 90s
These capitals are so short, how much time do you really need?
Remove Ads.
Support Sporcle.
Get the best of Sporcle when you Go Orange. This ad-free experience offers more features, more stats, and more fun while also helping to support Sporcle. Thank you for becoming a member.

Show Comments

Extras

Top Quizzes Today


Score Distribution

Your Account Isn't Verified!

In order to create a playlist on Sporcle, you need to verify the email address you used during registration. Go to your Sporcle Settings to finish the process.

Report this User

Report this user for behavior that violates our Community Guidelines.

Details: